| 000 | 00465nam a2200157 u 4500 | ||
|---|---|---|---|
| 001 | 000020713 | ||
| 005 | 20200930011141.0 | ||
| 008 | 100813s2001 xxu r 000 0 spa d | ||
| 020 | _a078216133 | ||
| 040 |
_aDO-SdBNP _bspa _cBPJMB |
||
| 082 |
_axxxx _bR598a |
||
| 100 | 1 |
_aRitchie, Donald A. _943461 |
|
| 245 | 1 | 0 |
_aAmerican history : _bthe modern era since 1865 / _cDonald A. Ritchie. |
| 260 |
_aNew York : _bMcGraw-Hill , _c2001. |
||
| 300 |
_a934 p. : _bil. ; _c28 cm. |
||
| 999 |
_c20217 _d20217 |
||